[Event "Zug FIDE GP"]
[Site "Zug"]
[Date "2013.04.18"]
[Round "1"]
[White "Morozevich, Alexander"]
[Black "Kasimdzhanov, Rustam"]
[Result "1-0"]
[WhiteElo "2758"]
[BlackElo "2709"]
[Annotator "Sumets,A"]
[PlyCount "105"]
[EventDate "2013.04.18"]
[EventType "tourn"]
[EventRounds "11"]
[EventCountry "SUI"]
[EventCategory "21"]
[SourceTitle "CBM 154"]
[Source "ChessBase"]
[SourceDate "2013.05.15"]
[SourceVersion "1"]
[SourceVersionDate "2013.05.15"]
[SourceQuality "1"]

1. g3 {Mainly Morozevich has played this in blitz and rapid games.The only
classical Morozevich game that I've managed to find is the game against
Svidler.} d5 2. Nf3 (2. Bg2 Nf6 3. Nf3 g6 4. c4 d4 5. d3 a5 6. Na3 Nc6 7. Nb5
e5 8. O-O Bg7 9. e3 dxe3 10. Bxe3 O-O 11. Re1 Be6 12. b3 Qc8 13. d4 exd4 14.
Bf4 $5 Ne8 15. Qd2 (15. Nfxd4 $1 Nxd4 16. Nxd4 Bg4 17. Qd2 c5 18. Nb5 Bxa1 19.
Rxa1 $44) 15... Qd7 16. Rad1 Bg4 $11 {Morozevich,A-Svidler,P RUS-ch 57th
Moscow 2004 1/2-1/2 (25)}) 2... Bg4 3. Bg2 Nd7 4. h3 (4. d3 c6 5. h3 Bh5 6. g4
Bg6 7. Nh4 e6 8. Nxg6 hxg6 9. e3 Bd6 10. Qe2 Ne7 (10... f5 11. Nd2 Ngf6 12. e4
Qe7 13. Nb3 O-O-O 14. Bd2 fxg4 $6 (14... fxe4 15. dxe4 Nxe4 16. Bxe4 dxe4 17.
Qxe4 Qf6 18. O-O-O Be5 19. c3 g5 $13) 15. hxg4 Rxh1+ 16. Bxh1 Rh8 17. O-O-O $14
{1-0 Morozevich,A-Bacrot,E World Championat Blitz Moscow 2007 1-0 (37)}) 11.
Nd2 g5 12. Nf3 Ng6 13. Bd2 Nde5 14. O-O-O Qf6 15. Bc3 Nxf3 $4 (15... Qe7 $11)
16. Bxf6 {1-0 Morozevich,A-Rublevsky,S World championat Blitz Moscow 2007})
4... Bxf3 5. Bxf3 Ngf6 6. d3 c6 7. Nd2 g6 $6 {This is not a novelty, but we
haven't met it before in grandmaster games. It is difficult to explain the
bishop exchange combined with the setup g6, Bg7.} (7... e6 8. e4 Bc5 9. Qe2 Qc7
10. c3 dxe4 11. dxe4 Ne5 12. Nc4 (12. Bg2 Rd8 13. O-O Nd3 $11) 12... Nxc4 13.
Qxc4 Nd7 $11 14. Bf4 Bd6 15. Bxd6 Qxd6 16. Qd4 Qxd4 17. cxd4 c5 18. dxc5 $6
Nxc5 19. O-O Ke7 $15 {Rozentalis,E McNab,C-Rozentalis,E Koszalin 1998 0-1(51)})
(7... e5 8. e4 dxe4 9. dxe4 Bc5 10. O-O Qe7 (10... O-O 11. a4 a5 12. Nc4 Qc7
13. Qe2 Nb6 {1/2-1/2 McNab,C-Arun Prasad,S Uxbridge 2009}) 11. c3 O-O (11... a5
12. Qe2 O-O) 12. b4 Bb6 13. a4 Rfd8 14. Qc2 Rac8 $6 (14... a6 $5) 15. Be2 c5
16. b5 Ne8 17. Nc4 Nd6 18. Bg5 f6 19. Be3 $16 {Botvinnik,M-Szilagyi,G
Amsterdam 1966 1-0 (36)}) 8. e4 Bg7 9. Qe2 Qc7 10. Bg2 O-O 11. O-O e5 {
Probably it's time to open up the position.} 12. b3 (12. exd5 $5 Nxd5 (12...
cxd5 13. c4 d4 14. b4 $14) 13. h4 Rae8 14. h5 $14 {I believe that White, who
possesses the bishop pair, has better chances.}) 12... Rfe8 13. Bb2 Rad8 14.
Rfe1 d4 {Sooner or later Black should close the centre. However right now
closing the centre is a slightly premature decision. It helps Morozevich to
define his plan.} (14... a5 $5 15. exd5 (15. Rad1 d4) 15... Nxd5 16. h4 (16.
Nf3 $2 e4 $19) 16... e4 17. Bxg7 exd3 18. Qxd3 Kxg7 $11) 15. h4 Nc5 16. Bh3 b5
17. Nf3 a5 18. Bc1 $14 a4 (18... h6 19. Bd2 Bf8 20. Nh2 {It is difficult to
suggest something good for Black. He should wait until White pushes f4 and
look for tactical chances. As we could see in the game if Black hadn't played
a4.}) 19. Bd2 Ra8 $2 (19... a3 {preventing b4 but Black has no hope for
counterplay} 20. Rac1 (20. b4 $6 Na4) 20... Bf8 21. Red1 b4 22. Nh2 {White has
plenty of time to prepare f4 properly}) (19... axb3 20. axb3 Ra8 {Trying to
swap rooks} 21. Qf1 h5 $14 {It is not a very joyful position for Black but he
could keep on fighting.}) 20. b4 $1 Ne6 21. Rac1 {White's plan is clear.} Rad8
22. Ng5 Nf8 23. c4 dxc3 24. Rxc3 N6d7 (24... h6 25. Nf3 Ne6 26. Rec1 Rd6 27.
Be3 (27. Qd1 Qb7 28. Qc2 Rc8 29. Be3 Nd7 30. h5 $16) 27... Nd4 28. Qd1 Nxf3+ (
28... Nd7 29. h5 $16) 29. Qxf3 h5 30. Bc5 Rdd8 31. Qe2 Nd7 32. Be3 Nb8 33. Kg2
$16) 25. Rec1 Nb8 26. a3 h6 27. Nf3 Ne6 (27... h5 $1 28. Kg2 Ne6 29. Be3 Rd6
$14) 28. Be3 {As far as I am concerned the pawn advance h4-h5 is unpleasant
for Black. So I can't understand why Black permits it and why White misses
this opportunity.} (28. h5 $1 g5 (28... Rd6 29. hxg6 fxg6 30. Kg2 Rf8 31. Be3
Qf7 32. Rh1 $16) 29. Be3 Rd6 30. Bf5 $16) 28... Rd6 29. Qd2 (29. h5 $1 g5 30.
Qc2) 29... Kh7 (29... h5 $5) 30. Kg2 Red8 31. Rh1 {Black has no weaknesses
except a well-protected pawn on c6 but It is not easy to give any good advice
to Black even with computer assistance.} Qe7 (31... Re8 32. Bxe6 Rexe6 33. h5
$5 g5 34. Bxg5 hxg5 35. Nxg5+ Kg8 36. Nxe6 Rxe6 37. h6 Bf6 (37... Bf8 38. h7+
Kh8 39. d4 exd4 40. Qxd4+ f6 41. Rd3 Rd6 42. Qc5 Nd7 43. Qh5 $1 Rxd3 44. Qf7
$18) 38. Rh5 $16) 32. Bb6 (32. h5 g5 33. Bxe6 $5 Rxe6 34. Bxg5 $5 hxg5 35.
Nxg5+ Kg8 36. Nxe6 Qxe6 37. h6 Bf6 38. Rh5) 32... Re8 33. Rhc1 Qb7 (33... Nd7
$5 34. Be3 Nb8) 34. Be3 Qe7 (34... Nd4 35. Bxd4 exd4 36. Rc5 Na6 37. R5c2 Nb8
38. Ne1 Qe7 39. h5) 35. Qa2 Kh8 36. Qc2 (36. Qd2 Kh7 37. h5 g5 38. Nh2 (38.
Bxe6 {is not so clear:} Rxe6 39. Bxg5 hxg5 40. Nxg5+ Kg8 41. Nxe6 Qxe6 42. R1c2
Bh6) 38... Kg8 39. Bf5 Qc7 40. Ng4) 36... Kg8 37. Qe2 Kh8 38. Kh2 Kg8 39. h5 $1
{At last Morozevich played h5. I don't understand why he didn't push h5
earlier.} g5 (39... Qb7 40. Nh4 Kh7 41. Qg4 Nd4 42. Bxd4 exd4 43. R3c2 Re7 44.
f4 Nd7 45. e5 $18) 40. Ne1 Kh8 41. Ng2 Kg8 {Useful moves are over, he has to
wait.} 42. Bc5 $5 (42. Bxe6 $5 Qxe6 43. Bc5 Rd7 44. Ne3 Bf8 45. Nf5) 42... Nxc5
43. Rxc5 Red8 44. Ne3 Qa7 (44... Rxd3 $2 45. Nd5 R3xd5 46. exd5 cxd5 47. Qxb5
$18) 45. R5c3 Rf6 46. Nf5 Re8 47. Qe3 Qxe3 (47... Qb7 48. R3c2 Qc7 49. Rg1 Bf8
50. f4 exf4 51. gxf4 Bd6 52. e5 $18) 48. fxe3 $18 Bf8 49. Bg2 Ree6 (49... Na6
$1 {Better die standing than live kneeling} 50. Rxc6 Rxc6 51. Rxc6 Nxb4 $1 52.
axb4 Ra8 53. Rc2 a3 54. Ra2 Bxb4 55. Nxh6+ Kf8 {White should win gradually.
For example} 56. Bf3 Bc3 57. Bd1 Bb2 58. Nf5 b4 59. h6 Kg8 60. d4 exd4 61. exd4
$18) 50. d4 exd4 (50... Nd7 51. d5 cxd5 52. exd5 Re8 53. e4 Nb6 54. g4 Nc4 55.
Bf1 $18) 51. exd4 g4 52. Rf1 Nd7 53. Rf4 1-0

[Event "Excelsior Cup"]
[Site "Gothenburg"]
[Date "1997.01.12"]
[Round "6"]
[White "Hillarp Persson, Tiger"]
[Black "Hector, Jonny"]
[Result "1-0"]
[WhiteElo "2475"]
[BlackElo "2500"]
[Annotator "Tisdall,J"]
[PlyCount "91"]
[EventDate "1997.01.??"]
[EventType "tourn"]
[EventRounds "9"]
[EventCountry "SWE"]
[EventCategory "9"]
[SourceTitle "CBM 057"]
[Source "ChessBase"]
[SourceDate "1997.04.01"]
[SourceVersion "1"]
[SourceVersionDate "1997.04.01"]
[SourceQuality "1"]

{This game is a delightful brawl from the two players best known for their
crowd pleasing abilities.  I was a bit surprised by some of the Tiger's new
openings at the Rilton Cup. Now it seems the King's Indian has become more of
a white opening for him.} 1. Nf3 {Horn,Pe} Nc6 {An interesting declaration
from Hector. This makes it impossible for Jonny to employ his beloved Slav
structures. He also commits himself to some kind of Tchigorin Defence if White
plays d4 now.} 2. g3 e5 3. d3 d5 4. Bg2 f5 {So in fact we have a reversed Pirc.
My guess is that both players are comfortable with their positions. But Tiger
definitely has an extra tempo. Perhaps Hector was satisifed in any case, since
Tiger generally prefers not to have his knight developed when facing this
structure as black (That is, as black he prefers to play: 1.e4 d6 2. d4 g6 3.
Sc3 Lg7 4.f4 a6!?).} 5. O-O Nf6 6. c4 dxc4 7. Qa4 Bd6 (7... Bd7 {Horn,Pe} 8.
Qxc4 Bd6 9. Nc3 Qe7 10. Bg5 Qe6 $5 11. Qxe6+ Bxe6 12. Bxf6 gxf6 13. Nh4 Bd7 14.
Nd5 Rf8 15. e3 O-O-O $11 {Mercier,J-Brionne/FRA-chT/1989}) 8. Qxc4 Qe7 9. Nc3 (
9. a3 {Horn,Pe} Be6 10. Qc2 a5 11. b3 e4 12. Nfd2 Nd4 13. Qd1 a4 14. bxa4 exd3
15. exd3 O-O 16. Bb2 Bc5 17. Nc3 f4 18. Nce4 Nxe4 19. Bxe4 fxg3 20. hxg3 Qg5
21. Kg2 $13 {Bjarnason,S-Hector,J/Gausdal zt/1987}) 9... Be6 {Vielleicht muß
man nach dieser Partie von diesem Zug Abschied nehmen ?} (9... a6 {Horn,Pe}) (
9... Bd7 {Horn,Pe}) 10. Qb5 {The extra tempo is quite unpleasant, allowing
white to start guerilla action before black has finished developing. Horn:
Weiß spielt die Pirc-Verteidigung mit einem Mehrtempo (Nc3). Wenn man damit um
Eröffnungsvorteil kämpfen will, muß man besonders die scharfen Varianten in
Betracht ziehen. 9...Qb4 ist im 3-Bauern-Angriff der Pirc-Verteidigung eine
umstrittene Variante.} (10. Qa4 {Horn,Pe} O-O 11. Bd2 Kh8 12. Rac1 Rad8 13. Nb5
Bc5 $2 14. Nxc7 Bxf2+ 15. Rxf2 Qxc7 16. Ng5 $16 {Moreno,A-Ribeiro,F/Capablanca
mem-C/1996}) 10... O-O (10... Rb8 $2 {Horn,Pe} 11. Nxe5 $18) (10... O-O-O $2 {
Horn,Pe} 11. Nxe5 $18) (10... a6 {Horn,Pe} 11. Qxb7 Kd7 12. Ng5 (12. Nxe5+ Nxe5
13. d4 Rhb8 14. dxe5 Rxb7 15. Bxb7 Ra7 16. exd6 cxd6 17. Bg2 $13) 12... Nd4 13.
Nxe6 Qxe6 (13... Rhb8 14. Nxd4 Rxb7 15. Nxf5 Qe6 16. Bxb7 Ra7 17. Be4 $18) 14.
Bg5 Rhb8 15. Qxa8 Rxa8 16. Bxa8 c6 (16... Bb4 17. Rae1 $16) 17. Rac1 $16) 11.
Qxb7 Nb4 12. Qb5 {Horn: Zu diesem Zug kommt man ohne Nc3 nicht. Es gelingt
jetzt nicht mehr, die Q in Bedrängnis zu bringen. Schwarz hat nach meinem
Eindruck Schwierigkeiten, wirkliche Kompensation zu beweisen.} (12. Ne1 $5 {
Horn,Pe} e4 (12... a6 13. Qxa8 Rxa8 14. Bxa8 c6 15. a3 $16) 13. Qb5 $16) 12...
Rab8 {Black is quite active, but his compensation is nebulous. His initiative
will last quite a while, but as pawns go, this one is very "takeable".} 13. Qa4
h6 {Preventing white from gaining considerable freedom by playing Lg5.} 14. Bd2
(14. Nh4 $5 {Horn,Pe}) 14... Bd7 15. Qd1 Qe8 16. Ne1 {Solid stuff, creating
the option of mobilising his center pawns.} (16. a3 {Horn,Pe} Nbd5 17. Nxd5
Nxd5 18. b3 $16) 16... e4 $5 (16... Qh5 {accomplishes nothing now since white
can meet it with} 17. e3) (16... f4 17. Ne4 {must also favor white.}) 17. dxe4
fxe4 18. Be3 Qh5 19. Nxe4 (19. Bxa7 $5 $16 {Horn,Pe}) 19... Ng4 20. h4 Nxe3 21.
fxe3 Rxf1+ 22. Kxf1 (22. Bxf1 Qe5 {was riskier for white - Sxd6 is less of a
threat when the e3 and g3 pawns can hang with check.}) 22... Qf7+ 23. Kg1 Be5 {
After a long and relatively forced sequence, it is time for stocktaking. Black
has invested a second pawn, but received a great deal. He has the bishop pair
and has succeeded in exposing white's king a bit. And the since the pawns are
double and on an open file he has every reason to be satisfied. But things are
rarely so simple. Black's king must also beware since White's queen and bishop
cooperate quite well to create threats on the light-squared weaknesses. And
the knights are excellent defenders.} 24. a3 $1 Nd5 25. Nd3 $1 {More energetic
was} (25. Nf3 {threatening a very painful intrusion on g5. But after} Bxb2 26.
Neg5 hxg5 (26... Qf5 27. e4) 27. Nxg5 Nxe3 28. Nxf7 Nxd1 29. Rxd1 Ba4 $1 {
black emerges with the advantage.} (29... Bg4 $15 {Horn,Pe})) 25... Bxb2 26.
Nxb2 (26. Rb1 Nxe3) (26. Qb1 $2 {is a move only a computer would consider, but
when you have one running to check for mistakes, you have to pay some
attention. Even if white succeeds in winning something like this his
coordination will be completely destroyed. After} Nxe3 27. Nxb2 Nxg2 28. Kxg2
Bc6 {is the simplest way to point out the futility of the idea. It's still too
soon to trust the instincts of the mechanical brains.}) 26... Nxe3 $5 {Hector
prefers chaos to a solid disadvantage after} (26... Rxb2 27. Ng5 (27. Qxd5 $5
Qxd5 28. Nf6+ gxf6 29. Bxd5+ {offers white less.}) 27... hxg5 28. Bxd5 Be6 29.
Bxe6 Qxe6 30. Qd8+ Kh7 31. Qxg5 {and white's superior king cover should aid
him with his technical task.}) 27. Qd4 $1 {This gives white a clear edge as
black must lose his piece coordination temporarily if he is to recover the
sacrificed material.} Nc2 28. Qxa7 Rxb2 29. Rf1 Qc4 $6 {[#] This allows a long
and neat tactical sequence. There were other options:} (29... Qe7 30. Qc5 $5 {
and white's attack rages even in an ending:} (30. Qxc7 $5) 30... Qxc5+ 31. Nxc5
Bg4 32. Bd5+) (29... Qe8 $5 30. Qxc7 Ne3 31. Qc3 Rxe2 32. Bf3 Nxf1 33. Bxe2 (
33. Qc4+ $5 Kh8 (33... Qe6 $5 {with the idea} 34. Qxe2 Qb6+) 34. Qxe2 $16)
33... Nd2 $1 {In all cases black faces a grim struggles against a lost ending,
but one could argue that it offered more objective chances to save the game.
Hector prefers the messiest continuation possible, which has its attractions.}
(33... Qxe4 34. Qc4+ $18)) 30. Qa8+ (30. Qc5 {was strong, as in the note above.
}) (30. Qc5 {Horn,Pe}) 30... Kh7 31. Ng5+ $1 (31. Qf8 {[%cal Rf1f7] Horn,Pe}
Qd4+ 32. Nf2 $18) 31... hxg5 32. Be4+ g6 33. Qf8 $6 {My guess is that time
pressure had a dramatic role in the game around here. Hector's striving for
complications finally pays off as Tiger misses a knockout with} (33. Bd5 $1
Qd4+ 34. Kh2 Bf5 (34... Be8 35. Qxe8 Qxd5 36. Rf7+) 35. Rxf5 $1 gxf5 36. Qg8+
Kh6 37. hxg5+ Kh5 38. Bf3+) 33... Bf5 (33... Qd4+ 34. Kh2 Be6 35. Qe7+ Qg7 {
hopes to get counterplay on e2 but fails to} (35... Kh6 36. Qxg5+) 36. Bxg6+ $1
(36. Qxe6 Nd4 37. Bxg6+ $1 Qxg6 (37... Kh6 38. hxg5+ Kxg5 39. Rf5+ $1) 38. Rf7+
Kh6 39. hxg5+ Kxg5 40. Qe3+ Kh5 41. Qe5+ {or}) 36... Kxg6 37. Qxe6+ Kh5 (37...
Kh7 {Horn,Pe} 38. Rf7 $18) 38. g4+ Kxh4 39. Rf3) 34. Rxf5 Rb1+ 35. Kh2 Rh1+ {
A witty way to prolong the game, but it doesn't help that much.} 36. Bxh1 gxf5
37. Qxf5+ Kg7 38. Qxg5+ Kf8 39. Qd8+ Kg7 40. Qe7+ Kg8 41. Qg5+ Kf8 42. Qf6+ Kg8
43. Kh3 Qxe2 44. Bd5+ Kh7 45. Qf7+ Kh6 46. Qf8+ (46. Qf8+ Kg6 (46... Kh7 47.
Bg8+) 47. Bf7+) 1-0

[Event "Andorra op 18th"]
[Site "Andorra"]
[Date "2000.07.01"]
[Round "8"]
[White "Tyomkin, Dimitri"]
[Black "Westerinen, Heikki MJ"]
[Result "0-1"]
[WhiteElo "2516"]
[BlackElo "2392"]
[Annotator "Tyomkin,D"]
[PlyCount "82"]
[EventDate "2000.06.24"]
[EventType "swiss"]
[EventRounds "9"]
[EventCountry "AND"]
[SourceTitle "CBM 076 Extra"]
[Source "ChessBase"]
[SourceDate "2000.07.11"]
[SourceVersion "1"]
[SourceVersionDate "2000.07.11"]
[SourceQuality "1"]

1. Nf3 d5 2. g3 c6 3. Bg2 Nf6 4. O-O Bf5 5. d3 e6 6. b3 Bc5 {In my opinion it
is not a best place for this bishop-it is quite useless on c5 and can be
attacked by white knight in the future. 6...Be7 is more exactly.} 7. Bb2 h6 8.
Nbd2 O-O 9. Qe1 Nbd7 10. e4 dxe4 $6 $146 (10... Bh7 $142 11. a3 (11. Qe2 Qe7
12. Kh1 (12. a3 {-is optional, preventing Bc5-a3 as well.}) 12... Ba3 13. Bxa3
Qxa3 14. Nh4 Qb2 15. Rac1 Qxa2 16. f4 Qa6 17. e5 Ne8 18. f5 $44 {1-0 Babula,
V-Rogers,I/Prague 1999/CBM 72 (31)}) 11... a5 12. Kh1 (12. e5 Ne8 13. Qe2 b5
14. h4 (14. Kh1 Be7 15. Ne1 a4 16. b4 c5 $11 {1/2-1/2 Freisler,P-Jirovsky,M/
CZE-ch 1993/TD (22)}) 14... Be7 15. Rfc1 Nc7 16. c4 bxc4 17. dxc4 Nc5 18. cxd5
cxd5 19. Bd4 Nd7 $11 {1/2-1/2 Kunte,A-Barua,D/Calcutta 1998/CBM 62 ext (24)})
12... b5 (12... Qe7 13. Nh4 dxe4 14. dxe4 e5 15. Nc4 b6 16. Ne3 Rfe8 17. Nhf5
Qf8 18. f3 Rad8 19. Bh3 Bxf5 20. Bxf5 Bd4 21. Bxd4 exd4 $15 {1/2-1/2 Comas
Fabrego,L-Hracek,Z/New York 1998/EXT 99 (60)}) 13. e5 Ne8 14. Nh4 b4 15. f4 Nc7
16. a4 Be7 17. Bh3 c5 18. f5 Bxh4 19. gxh4 Bxf5 20. Bxf5 exf5 $15 {0-1 Kogan,
A-Kozul,Z/Bled 1998/EXT 99 (31)}) 11. dxe4 Bh7 12. e5 (12. c4 $5 {[%cal Ge4e5]
could give white clear advantage.}) 12... Nd5 13. Ne4 Bb4 (13... Be7 14. Qe2
$14 (14. c4 Nb4 15. Qe2 Bxe4 16. Qxe4 Nc5 17. Qg4 $14)) 14. Qe2 (14. c3 $2 Bxe4
{[%csl Rc3]}) 14... Qa5 (14... Bxe4 15. Qxe4 Qa5 (15... Nc5 16. Qc4 $16 {
[%cal Ga2a3]}) (15... Bc3 16. Bxc3 Nxc3 17. Qb4 Nb5 18. c4 a5 19. Qd2 $16 {
[%cal Gf1d1]}) 16. c4 Bc3 17. Bxc3 (17. cxd5 Bxb2 18. dxc6 Nc5 $1) 17... Nxc3
18. Qe3 $18 {[%csl Rc3][%cal Gf1c1]}) 15. a3 Bxe4 16. axb4 (16. Qxe4 Bc3 17. b4
Qb5 18. Bxc3 Nxc3 19. Qe3 $14 {removing black pieces back on close moves.})
16... Bxf3 (16... Qxb4 17. c4 $1 $16 (17. Ba3 Bxf3 18. Bxf3 Qc3 $44)) 17. Bxf3
Qb6 18. Rfd1 {White got a pair of bishops advantage, and the current aim is to
open position as fast as possible.} Rfd8 19. b5 $1 cxb5 20. Bxd5 $2 {Untill
this moment I played quite good chess, but now I took wrong decision in qiute
simple position. White misses almost all advantage now.} (20. Bd4 Qc7 21. Bxd5
(21. Qxb5 Nxe5 22. Bxe5 Qxe5 23. c4 a6 {and black gets rid of the pin.}) 21...
exd5 22. e6 $1 $16 Nc5 23. exf7+ Kxf7 24. Qxb5 Ne4 25. Qd3 $16) 20... exd5 21.
Rxd5 Nc5 22. Rxd8+ (22. Rad1 Rxd5 23. Rxd5 Rd8 $11) 22... Rxd8 23. Bc1 {
White can not use the bishop on a big diagonal, so I decided to transfer it to
more active place- e3-square.} a6 24. Be3 Qc6 25. Re1 Ne6 $15 26. f4 Nd4 27.
Bxd4 Rxd4 28. Rd1 $6 {Serious mistake, which leads to the difficult queens
ending. I just hadn't enough time to understand this position.} ({Some chances
for counterplay gives:} 28. f5 Qc5 29. Qf2 Qd5 30. e6 Kf8 $1 31. e7+ Ke8 32. f6
gxf6 33. Qxf6 Re4 $15 {and the forthcoming queens ending is still better for
black.}) 28... Qd5 29. Rxd4 Qxd4+ 30. Kg2 Qd5+ 31. Kf2 a5 $1 $17 {Suddenly
black gets a dangerous passed pawn "a", which actually decides the game.} 32.
f5 a4 33. bxa4 bxa4 34. g4 (34. c4 Qd4+ 35. Kf3 Kf8 $19) 34... Qc5+ 35. Kg3 a3
36. e6 Qc7+ 37. Kh3 Qc3+ 38. Kg2 Qc6+ 39. Kh3 fxe6 40. fxe6 a2 41. e7 Kf7 (
41... Kf7 42. e8=Q+ Qxe8 43. Qf1+ Kg8 {and white doesn't have any practical
chance in this ending.}) 0-1

[Event "Bonn GSK"]
[Site "Bonn"]
[Date "1995.??.??"]
[Round "2"]
[White "Grimm, Sascha"]
[Black "Wintzer, Joachim"]
[Result "0-1"]
[WhiteElo "2315"]
[BlackElo "2335"]
[Annotator "Von Gleich,A"]
[PlyCount "100"]
[EventDate "1995.??.??"]
[EventType "tourn"]
[EventRounds "11"]
[EventCountry "GER"]
[EventCategory "8"]
[SourceTitle "CBM 045"]
[Source "ChessBase"]
[SourceDate "1995.04.01"]
[SourceVersion "1"]
[SourceVersionDate "1995.04.01"]
[SourceQuality "1"]

1. Nf3 d5 2. g3 c6 3. Bg2 Bg4 4. O-O Nd7 5. d3 e6 6. Nbd2 Bd6 7. e4 Ne7 8. h3
Bh5 9. Qe1 O-O 10. e5 Bc7 11. g4 Bg6 12. Qe2 c5 13. Nb3 Nc6 14. Nfd2 Ncxe5 15.
f4 c4 16. dxc4 dxc4 17. fxe5 (17. Nxc4 Nxc4 18. Qxc4 Bb6+ 19. Kh1 Rc8 20. Qb4
Rxc2 21. Bxb7 Qh4 $17) 17... cxb3 18. Nxb3 Bxe5 19. Rd1 Bf6 20. Nc5 {[#]} Qb6
21. Rxd7 Qxc5+ 22. Be3 Qxc2 23. Qxc2 Bxc2 24. Bxb7 Rad8 25. Rxd8 Rxd8 26. Rc1
Bd3 27. b4 a6 28. Bb6 Rb8 29. Ba7 Re8 30. a4 h5 31. Bc5 hxg4 32. hxg4 Rb8 33.
Bc6 Rc8 34. Bb7 Rc7 35. Bf3 Bd4+ (35... a5 36. Rd1 axb4 37. Bd6 Bd4+ 38. Kg2
Rc2+) 36. Kg2 a5 37. Rd1 Bxc5 38. bxc5 Bc2 39. Rd8+ Kh7 40. c6 Bxa4 41. Rd6 Bb5
42. Be4+ Kh6 43. Kg3 Kg5 44. Rd1 a4 45. Rc1 Bxc6 46. Rc5+ (46. Rxc6 Rxc6 47.
Bxc6 a3) 46... Kf6 47. Bxc6 a3 48. g5+ Ke7 49. g6 f5 50. Kf4 Kf6 0-1

[Event "Olympiad-32"]
[Site "Yerevan"]
[Date "1996.09.25"]
[Round "9.3"]
[White "Wirthensohn, Heinz"]
[Black "Bagirov, Vladimir"]
[Result "0-1"]
[WhiteElo "2415"]
[BlackElo "2505"]
[Annotator "Vorotnikov,V"]
[PlyCount "68"]
[EventDate "1996.09.15"]
[EventType "team-swiss"]
[EventRounds "14"]
[EventCountry "ARM"]
[SourceTitle "CBM 055"]
[Source "ChessBase"]
[SourceDate "1996.12.01"]
[SourceVersion "1"]
[SourceVersionDate "1996.12.01"]
[SourceQuality "1"]
[WhiteTeam "Switzerland"]
[BlackTeam "Latvia"]
[WhiteTeamCountry "SUI"]
[BlackTeamCountry "LAT"]

1. Nf3 d5 2. g3 Bg4 (2... c6 3. Bg2 Bg4 4. O-O Nd7 5. d3 e6 6. b3 Be7 7. Bb2
Bf6 8. d4 Be7 9. Nbd2 Ngf6 10. Re1 O-O 11. e4 dxe4 12. Nxe4 Nxe4 13. Rxe4 Bf5
14. Re3 a5 15. a3 Bf6 16. Qe2 Qc7 17. c4 Bg4 18. h3 Bxf3 19. Bxf3 Rad8 20. Rd1
Nb6 21. a4 c5 22. dxc5 Rxd1+ 23. Qxd1 Bxb2 24. cxb6 Qxb6 $10 {Vaganian,
R-Razuvaev,Y/Reggio Emilio/1995-1996/}) 3. Bg2 Nd7 4. c4 e6 (4... c6 5. h3 Bh5
6. d3 e5 7. Nbd2 Ngf6 8. b3 Bd6 9. Nh4 O-O 10. Nf5 Bc5 11. Bb2 Re8 $10 {
Anastasian,A-Kacheishvili,G/Linares/1996/}) 5. cxd5 exd5 6. O-O Ngf6 7. d3 Bc5
8. Qc2 O-O 9. Nbd2 Re8 10. h3 Bh5 11. e4 Bb6 $5 $10 12. b4 {><c5} dxe4 13. dxe4
Qe7 14. Nh4 Ne5 $36 15. g4 $4 {>=15.Qc3 Rad8 16.Bb2} Bxg4 $1 16. hxg4 Nfxg4 17.
Ndf3 Nxf2 18. Rxf2 Ng4 19. Nf5 Qxb4 20. Rb1 Bxf2+ $1 21. Kf1 Qc5 22. Qxc5 Bxc5
$19 23. Rb5 (23. Rxb7 Bb6 {/\Rad8-+}) 23... b6 24. e5 Rad8 25. Bf4 f6 26. Rb1
fxe5 27. Bg5 Nf6 28. Bxf6 gxf6 29. Ke2 e4 30. Nd2 Rd5 31. Bh3 Kh8 {/^a2-g8} 32.
Rf1 Bb4 33. Nc4 b5 34. Nfe3 Rh5 0-1